[Event "II Festival A"]
[Site "Toscolano-Maderno ITA"]
[Date "1996.10.21"]
[Round "3"]
[White "Di Lazzaro, Gabriele"]
[Black "Cugini, Verter"]
[Result "1/2-1/2"]
[WhiteElo "2095"]
[BlackElo "2255"]
[PlyCount "128"]
[EventDate "1996.10.19"]

1. Nf3 g6 2. e4 Bg7 3. d4 c6 4. Nc3 d5 5. Be2 Bg4 6. Be3 dxe4 7. Nxe4 Nf6 8.
Nxf6+ Bxf6 9. c3 O-O 10. O-O Nd7 11. h3 Bf5 12. Qd2 e5 13. dxe5 Nxe5 14. Nd4
Be6 15. Nxe6 Qxd2 16. Bxd2 fxe6 17. Rad1 Rfd8 18. Bf4 Kf7 19. Rfe1 Rxd1 20.
Rxd1 Ke7 21. Be3 b6 22. f4 Nf7 23. Bf3 Rd8 24. Rxd8 Nxd8 25. a4 Kd7 26. a5 Kc7
27. Kf2 c5 28. Ke2 Nc6 29. axb6+ axb6 30. Kd3 Kd6 31. Kc4 Na7 32. Kd3 b5 33. b3
Nc6 34. Bxc6 Kxc6 35. c4 bxc4+ 36. bxc4 Kd6 37. Ke4 Bc3 38. g4 Bf6 39. Bf2 Bg7
40. f5 exf5+ 41. gxf5 gxf5+ 42. Kxf5 Bd4 43. Bg3+ Ke7 44. Be5 Be3 45. Bf6+ Kd6
46. Bg7 Bd4 47. Bf8+ Kd7 48. Kg5 Ke6 49. Kf4 Kf7 50. Bd6 Ke6 51. Bb8 Bf6 52.
Ke4 Be7 53. Bg3 Bf8 54. h4 Be7 55. h5 Bf8 56. Bf2 Bd6 57. Be3 Bf8 58. Bg5 Bd6
59. Bh6 Be7 60. Bg7 Kf7 61. Bc3 Ke6 62. Bh8 Bf8 63. Kf4 Bh6+ 64. Ke4 Bf8
1/2-1/2

[Event "II Festival A"]
[Site "Toscolano-Maderno ITA"]
[Date "1996.10.21"]
[Round "3"]
[White "Drei, Andrea"]
[Black "Wohl, Aleksandar H."]
[Result "1/2-1/2"]
[WhiteElo "2310"]
[BlackElo "2400"]
[PlyCount "51"]
[EventDate "1996.10.19"]

1. e4 Nf6 2. e5 Nd5 3. d4 d6 4. Nf3 dxe5 5. Nxe5 g6 6. c4 Nf6 7. Nc3 Bg7 8. Be2
O-O 9. O-O Nbd7 10. f4 c5 11. Be3 cxd4 12. Bxd4 Ne8 13. Nf3 Bxd4+ 14. Qxd4 Nd6
15. g4 Nf6 16. h3 b6 17. Rfd1 Bb7 18. Rac1 Rc8 19. Qe3 Qc7 20. Ne5 Rfd8 21. b3
e6 22. Rd4 Nfe8 23. Rcd1 a6 24. b4 Qe7 25. a3 Qh4 26. Kh2 1/2-1/2

[Event "II Festival A"]
[Site "Toscolano-Maderno ITA"]
[Date "1996.10.21"]
[Round "3"]
[White "Kania, Andreas"]
[Black "Dusi, Valerio"]
[Result "1-0"]
[WhiteElo "2275"]
[BlackElo "1851"]
[PlyCount "131"]
[EventDate "1996.10.19"]

1. d4 Nf6 2. Nf3 d5 3. c4 c6 4. Nc3 e6 5. e3 Nbd7 6. Qc2 Bb4 7. Bd2 O-O 8. Be2
Qe7 9. O-O dxc4 10. Bxc4 e5 11. Rac1 Bxc3 12. Bxc3 e4 13. Ne5 Nb6 14. Be2 Nbd5
15. Bd2 Bf5 16. Qc5 Qe6 17. b4 Rfc8 18. Rfe1 Nd7 19. Nxd7 Qxd7 20. b5 cxb5 21.
Qxb5 Qxb5 22. Bxb5 Be6 23. Ba5 Rxc1 24. Rxc1 Rc8 25. Rxc8+ Bxc8 26. Kf1 Kf8 27.
Ke1 Ke7 28. Kd2 Kd6 29. Kc2 Be6 30. a3 f5 31. g3 Bf7 32. h4 Be6 33. Bd2 Bf7 34.
a4 a6 35. Be2 Be6 36. Kb2 Nb6 37. Bb4+ Kc6 38. a5 Nd5 39. Bd2 Nc7 40. Ka3 Nb5+
41. Kb4 Nd6 42. Bc3 Bd5 43. Bb2 Nb5 44. Bh5 g6 45. Be2 h5 46. Ba3 Nd6 47. Kc3
Nb5+ 48. Kb2 Nc7 49. Bc5 Nb5 50. Bb6 Nd6 51. Kc3 Nb5+ 52. Kb4 Nd6 53. Ba7 Nb5
54. Bb8 b6 55. Bxb5+ axb5 56. a6 Bc4 57. Bf4 Bd5 58. Bg5 Bc4 59. Bd8 Bd5 60. a7
Kb7 61. a8=Q+ Kxa8 62. Kxb5 Kb7 63. Bxb6 Bc6+ 64. Kc5 Be8 65. Ba5 Kc8 66. Kd6
1-0

[Event "II Festival A"]
[Site "Toscolano-Maderno ITA"]
[Date "1996.10.21"]
[Round "3"]
[White "Luciani, Valerio"]
[Black "Stantic, Severino"]
[Result "1/2-1/2"]
[WhiteElo "2180"]
[BlackElo "2105"]
[PlyCount "88"]
[EventDate "1996.10.19"]

1. e4 g6 2. d4 Bg7 3. Nc3 d6 4. Bc4 Nd7 5. Be3 Ngf6 6. f3 c6 7. a4 Qa5 8. Nge2
d5 9. exd5 Nb6 10. Bd3 Nbxd5 11. Bd2 Nb4 12. Bc4 Qf5 13. Bb3 O-O 14. Ne4 Na6
15. N2g3 Qd7 16. c3 b6 17. O-O Nc7 18. Qc1 Nxe4 19. Nxe4 Nd5 20. Bh6 Qf5 21.
Re1 Qh5 22. Bxg7 Kxg7 23. c4 Nc7 24. Ng3 Qh4 25. Qc3 Ne6 26. Rad1 Kg8 27. d5
cxd5 28. cxd5 Nc5 29. Bc2 Bd7 30. d6 exd6 31. b4 Ne6 32. Rxd6 Rac8 33. Qd2 Bc6
34. b5 Ba8 35. Bd1 Nc5 36. Rd4 Qf6 37. Rd6 Rcd8 38. Rxd8 Rxd8 39. Qe3 Kg7 40.
Bc2 Qd4 41. Kf2 Qb2 42. Re2 Qd4 43. Ke1 Qa1+ 44. Kf2 Qf6 1/2-1/2

[Event "II Festival A"]
[Site "Toscolano-Maderno ITA"]
[Date "1996.10.21"]
[Round "3"]
[White "Oppici, Gabriele"]
[Black "Corvi, Marco"]
[Result "1/2-1/2"]
[WhiteElo "2055"]
[BlackElo "2185"]
[PlyCount "70"]
[EventDate "1996.10.19"]

1. Nc3 d5 2. e4 Nf6 3. exd5 Nxd5 4. Bc4 Nb6 5. Bb3 c5 6. Qh5 c4 7. Bxc4 Nxc4 8.
Qb5+ Nc6 9. Qxc4 e5 10. Nf3 Be6 11. Qa4 Qd7 12. O-O Be7 13. d4 Nxd4 14. Qxd7+
Bxd7 15. Nxd4 exd4 16. Nd5 Bd6 17. Rd1 O-O-O 18. Rxd4 Be6 19. c4 b5 20. Be3 Kb7
21. Nc3 Bxc4 22. Rad1 Be7 23. Rd7+ Kc6 24. Rxe7 Rxd1+ 25. Nxd1 Rd8 26. Nc3 b4
27. h3 bxc3 28. bxc3 Rd1+ 29. Kh2 a6 30. Re4 Be6 31. Ra4 Kb7 32. Bd4 g6 33.
Rb4+ Kc7 34. a4 Ra1 35. Kg3 Ra3 1/2-1/2

[Event "II Festival A"]
[Site "Toscolano-Maderno ITA"]
[Date "1996.10.21"]
[Round "3"]
[White "Perich, Stefano"]
[Black "Duarte, Riccardo"]
[Result "0-1"]
[WhiteElo "2075"]
[BlackElo "2005"]
[PlyCount "82"]
[EventDate "1996.10.19"]

1. c4 e6 2. Nc3 f5 3. g3 Nf6 4. Bg2 Be7 5. d4 O-O 6. Nf3 d6 7. O-O h6 8. Re1
Nbd7 9. Qc2 c6 10. b3 Qe8 11. e4 fxe4 12. Nxe4 Nxe4 13. Qxe4 Nf6 14. Qe2 Qh5
15. Nh4 Qxe2 16. Rxe2 Kf7 17. Bb2 Bd7 18. Rae1 Rae8 19. Ba3 b6 20. f4 c5 21.
dxc5 bxc5 22. Bh3 g5 23. fxg5 hxg5 24. Nf3 g4 25. Ng5+ Kg6 26. Nxe6 gxh3 27.
Nxf8+ Bxf8 28. Rxe8 Bxe8 29. Bb2 Bd7 30. Rf1 Be7 31. Re1 Kf7 32. Rf1 Kg6 33.
Re1 Bd8 34. Rd1 Ne4 35. Rf1 Bf5 36. g4 Bxg4 37. Rf8 Bg5 38. a4 Be2 39. a5 Be3+
40. Kh1 Nf2+ 41. Rxf2 Bxf2 0-1

[Event "II Festival A"]
[Site "Toscolano-Maderno ITA"]
[Date "1996.10.21"]
[Round "3"]
[White "Prelati, Maurizio"]
[Black "Medancic, Rikard"]
[Result "0-1"]
[WhiteElo "2120"]
[BlackElo "2310"]
[PlyCount "60"]
[EventDate "1996.10.19"]

1. e4 e5 2. Nf3 Nc6 3. Bb5 a6 4. Bxc6 dxc6 5. O-O f6 6. d4 exd4 7. Nxd4 c5 8.
Nb3 Qxd1 9. Rxd1 Bg4 10. f3 Bd7 11. Be3 b6 12. N1d2 O-O-O 13. a4 a5 14. Nc4 Ne7
15. Nbd2 Nc6 16. c3 Re8 17. f4 Nd8 18. Kf2 Nf7 19. e5 fxe5 20. Nxe5 Nxe5 21.
fxe5 Rxe5 22. Nf3 Re8 23. Bf4 Re4 24. Kg3 Bxa4 25. Rd2 h6 26. Rf2 Bd7 27. Ne5
g5 28. Nxd7 Kxd7 29. Rd1+ Kc6 30. Bxc7 Kxc7 0-1

[Event "II Festival A"]
[Site "Toscolano-Maderno ITA"]
[Date "1996.10.21"]
[Round "3"]
[White "Rossi, Giampiero"]
[Black "Astengo, Marcello"]
[Result "1-0"]
[WhiteElo "2105"]
[BlackElo "2115"]
[PlyCount "41"]
[EventDate "1996.10.19"]

1. d4 d5 2. c4 c6 3. cxd5 cxd5 4. Nc3 Nf6 5. Nf3 Nc6 6. Bf4 e6 7. e3 Bd6 8.
Bxd6 Qxd6 9. Bd3 O-O 10. O-O Re8 11. Rc1 a6 12. Qd2 e5 13. dxe5 Nxe5 14. Nxe5
Rxe5 15. Be2 Bf5 16. Rfd1 Rd8 17. Qd4 Be6 18. f4 Rh5 19. Bxh5 Nxh5 20. f5 Bxf5
21. Qxd5 1-0

[Event "II Festival A"]
[Site "Toscolano-Maderno ITA"]
[Date "1996.10.21"]
[Round "3"]
[White "Sedina, Elena"]
[Black "Kievelitz, Bernd"]
[Result "1-0"]
[WhiteElo "2345"]
[BlackElo "2145"]
[PlyCount "81"]
[EventDate "1996.10.19"]

1. e4 c5 2. Nf3 e6 3. d4 cxd4 4. Nxd4 a6 5. c4 Nf6 6. Nc3 Qc7 7. a3 Be7 8. Be2
O-O 9. O-O Nc6 10. Be3 d6 11. Rc1 Nxd4 12. Qxd4 Bd7 13. f4 Bc6 14. Nd5 exd5 15.
cxd5 Nd7 16. dxc6 bxc6 17. b4 c5 18. Qd2 a5 19. bxc5 dxc5 20. e5 Rfd8 21. Qc2
Rac8 22. Bg4 g6 23. e6 fxe6 24. Bxe6+ Kg7 25. Bd4+ Nf6 26. Be5 Qc6 27. Bxc8
Rxc8 28. Qc4 Rd8 29. Rcd1 Rxd1 30. Rxd1 Kf8 31. a4 Qe4 32. Qxe4 Nxe4 33. Re1
Nd2 34. Bc3 Nb3 35. Re4 Kf7 36. Kf2 Bf6 37. Bxf6 Kxf6 38. Ke3 Nd4 39. Rxd4
cxd4+ 40. Kxd4 Kf5 41. Kc4 1-0

[Event "II Festival A"]
[Site "Toscolano-Maderno ITA"]
[Date "1996.10.21"]
[Round "3"]
[White "Sulava, Nenad"]
[Black "Agnelli, Francesco"]
[Result "1-0"]
[WhiteElo "2430"]
[BlackElo "2085"]
[PlyCount "61"]
[EventDate "1996.10.19"]

1. Nf3 Nf6 2. g3 g6 3. b3 Bg7 4. Bb2 c5 5. c4 Nc6 6. Bg2 O-O 7. O-O d6 8. d4 a6
9. Nc3 Bd7 10. dxc5 dxc5 11. Na4 b6 12. Ne5 Qc7 13. Nxb6 Rad8 14. Nexd7 Nxd7
15. Nd5 Qc8 16. Bxg7 Kxg7 17. Qc2 e6 18. Nc3 Nde5 19. Rad1 Qb8 20. Qb2 f6 21.
Bxc6 Nxc6 22. Ne4 Nd4 23. Nxc5 Qe5 24. Rxd4 Qxc5 25. Rfd1 Rxd4 26. Qxd4 Qa3 27.
Qa7+ Kh6 28. Rd7 Rh8 29. Qe3+ g5 30. Qxe6 Qb2 31. Rf7 1-0

[Event "II Festival A"]
[Site "Toscolano-Maderno ITA"]
[Date "1996.10.21"]
[Round "3"]
[White "Tomasi, Diego"]
[Black "Magrin, Antonio"]
[Result "1/2-1/2"]
[WhiteElo "2045"]
[BlackElo "2070"]
[PlyCount "80"]
[EventDate "1996.10.19"]

1. e4 g6 2. d4 Bg7 3. Nc3 c6 4. Nf3 d5 5. h3 dxe4 6. Nxe4 Nf6 7. Nxf6+ exf6 8.
Bd3 O-O 9. O-O Qc7 10. c3 Be6 11. Re1 Nd7 12. Be3 Nb6 13. Qc1 Nd5 14. Bh6 Rad8
15. Bxg7 Kxg7 16. Re4 h5 17. Re1 Nf4 18. Bf1 Rh8 19. h4 Bd5 20. Nh2 Be6 21. g3
Nh3+ 22. Kg2 Qd7 23. Bd3 g5 24. hxg5 Nxg5 25. Qf4 h4 26. g4 Bd5+ 27. f3 Ne6 28.
Qd2 Qd6 29. Be4 Qg3+ 30. Kh1 Ng5 31. Bxd5 cxd5 32. Rg1 Nxf3 33. Nxf3 Qxf3+ 34.
Kh2 Rde8 35. Rae1 Re4 36. Rxe4 dxe4 37. g5 f5 38. d5 Kg6 39. Qd4 Qf4+ 40. Kh1
Qf3+ 1/2-1/2

[Event "II Festival A"]
[Site "Toscolano-Maderno ITA"]
[Date "1996.10.22"]
[Round "4"]
[White "Astengo, Marcello"]
[Black "Perich, Stefano"]
[Result "0-1"]
[WhiteElo "2115"]
[BlackElo "2075"]
[PlyCount "50"]
[EventDate "1996.10.19"]

1. d4 Nf6 2. c4 e6 3. Nc3 Bb4 4. Bd2 b6 5. e3 Bb7 6. Nf3 O-O 7. Bd3 d5 8. Qb3
c5 9. a3 dxc4 10. Bxc4 cxd4 11. axb4 dxc3 12. bxc3 Ne4 13. Bc1 Ng5 14. Be2 Qf6
15. Nxg5 Qxg5 16. Rg1 Nc6 17. Bf3 Rfd8 18. Ke2 Rd7 19. Bb2 Qb5+ 20. Ke1 Rad8
21. Bxc6 Bxc6 22. c4 Qh5 23. b5 Rd2 24. f3 Qxh2 25. Kf1 Bxf3 0-1

[Event "II Festival A"]
[Site "Toscolano-Maderno ITA"]
[Date "1996.10.22"]
[Round "4"]
[White "Cugini, Verter"]
[Black "Oppici, Gabriele"]
[Result "1-0"]
[WhiteElo "2255"]
[BlackElo "2055"]
[PlyCount "145"]
[EventDate "1996.10.19"]

1. e4 d5 2. exd5 Qxd5 3. Nc3 Qa5 4. d4 Nf6 5. Bd2 c6 6. Ne4 Qf5 7. Ng3 Qd5 8.
c3 h5 9. Qb3 Qxb3 10. axb3 h4 11. N3e2 Bf5 12. Nf4 Bc2 13. b4 Nbd7 14. Nf3 e6
15. Bd3 Bxd3 16. Nxd3 h3 17. g3 Bd6 18. O-O Rh5 19. Bf4 Bxf4 20. Nxf4 Rh8 21.
Ra5 Nd5 22. Nd3 a6 23. c4 Nc7 24. Ng5 Nb6 25. b3 Rd8 26. Nf3 Nd7 27. Rd1 Nf6
28. Raa1 Ne4 29. Re1 Nd6 30. Nc5 Ke7 31. Ne5 Rh6 32. f4 f6 33. Nf3 Kf7 34. Re2
Rhh8 35. Kf2 Ra8 36. Ke3 Rhd8 37. Rea2 Nf5+ 38. Kd3 Nxd4 39. Nxd4 e5 40. fxe5
fxe5 41. Nxb7 Rxd4+ 42. Kc3 Rb8 43. Nc5 Rbd8 44. Re1 Rd1 45. Rf2+ Kg6 46. Rxe5
Ne8 47. Re4 Nf6 48. Rh4 Re8 49. Rxh3 Re3+ 50. Kc2 Ra1 51. Kb2 Ree1 52. Rh4
Rab1+ 53. Kc3 Rbc1+ 54. Rc2 Re3+ 55. Kb2 Rce1 56. Rd4 Kh5 57. Nxa6 Ng4 58. Nc5
Ne5 59. Rdd2 Rf1 60. Re2 Nd3+ 61. Kc3 Rxe2 62. Rxe2 Ne1 63. Re5+ Kg4 64. Re6
Nf3 65. Rxc6 Rc1+ 66. Kb2 Rh1 67. Rg6+ Kf5 68. Rxg7 Rxh2+ 69. Ka3 Nd4 70. Rd7
Nc2+ 71. Ka4 Rh8 72. Na6 Ke6 73. Rd2 1-0

[Event "II Festival A"]
[Site "Toscolano-Maderno ITA"]
[Date "1996.10.22"]
[Round "4"]
[White "Duarte, Riccardo"]
[Black "Bini, Lorenzo"]
[Result "1-0"]
[WhiteElo "2005"]
[BlackElo "2200"]
[PlyCount "74"]
[EventDate "1996.10.19"]

1. e4 b6 2. d4 Bb7 3. Bd3 e6 4. Ne2 Qh4 5. Bf4 Nf6 6. Bg3 Qh5 7. f3 d6 8. Nbc3
Nc6 9. Nb5 O-O-O 10. Nf4 Qg5 11. c4 a6 12. d5 axb5 13. dxc6 Bxc6 14. cxb5 Bxb5
15. O-O h5 16. Qe2 Bxd3 17. Qxd3 h4 18. Nh3 Qa5 19. Be1 Qa4 20. Bf2 d5 21. Rfd1
Bc5 22. b3 Bxf2+ 23. Nxf2 Qa5 24. e5 Nd7 25. f4 g5 26. fxg5 Nxe5 27. Qe3 Ng6
28. Rd4 e5 29. Ra4 Qc5 30. Qd2 Nf4 31. Kh1 Kb7 32. Rc1 Qe7 33. Qc2 c5 34. Nd3
Nxd3 35. Qxd3 Qxg5 36. Rf1 Rd7 37. Qb5 Re7 1-0

[Event "II Festival A"]
[Site "Toscolano-Maderno ITA"]
[Date "1996.10.22"]
[Round "4"]
[White "Magrin, Antonio"]
[Black "Dusi, Valerio"]
[Result "1-0"]
[WhiteElo "2070"]
[BlackElo "1851"]
[PlyCount "57"]
[EventDate "1996.10.19"]

1. d4 Nf6 2. Nf3 d5 3. Bf4 e6 4. Nbd2 Bd6 5. Bg3 c5 6. e3 Nc6 7. c3 O-O 8. Bd3
Re8 9. Ne5 Qc7 10. f4 Nd7 11. Bxh7+ Kf8 12. Bd3 Nf6 13. O-O Bd7 14. Qf3 Ke7 15.
Rf2 Rh8 16. Re1 Raf8 17. Nf1 Kd8 18. Rd2 c4 19. Bb1 b5 20. e4 Be7 21. Ne3 dxe4
22. Bxe4 Nxe4 23. Qxe4 Bh4 24. Nxd7 Kxd7 25. d5 Nb8 26. dxe6+ Ke8 27. exf7+
Kxf7 28. Qd5+ Kg6 29. f5+ 1-0

[Event "II Festival A"]
[Site "Toscolano-Maderno ITA"]
[Date "1996.10.22"]
[Round "4"]
[White "Medancic, Rikard"]
[Black "Braghetta, Sergio"]
[Result "1/2-1/2"]
[WhiteElo "2310"]
[BlackElo "2116"]
[PlyCount "146"]
[EventDate "1996.10.19"]

1. d4 d5 2. c4 c6 3. Nf3 Nf6 4. Nc3 e6 5. e3 Nbd7 6. Qc2 Bd6 7. b3 O-O 8. Bb2
Re8 9. Be2 dxc4 10. Bxc4 e5 11. O-O-O exd4 12. Rxd4 Qe7 13. Rhd1 Ba3 14. Bxa3
Qxa3+ 15. Qb2 Qxb2+ 16. Kxb2 Nb6 17. Be2 Bf5 18. Rf4 Be6 19. a4 a5 20. Rfd4 h6
21. h3 Nbd5 22. Nxd5 Bxd5 23. Bc4 Bxc4 24. Rxc4 Ne4 25. Rc2 Red8 26. Rxd8+ Rxd8
27. Ne5 Rd5 28. Nc4 Nd6 29. Nxd6 Rxd6 30. Kc3 Kf8 31. Kc4 b6 32. e4 Ke7 33. Rb2
Kd7 34. f4 Rd1 35. Rf2 Rc1+ 36. Kd4 Rd1+ 37. Ke5 Rd3 38. Rb2 Ke7 39. b4 g6 40.
f5 f6+ 41. Kf4 g5+ 42. Kg4 Rd4 43. bxa5 Rxe4+ 44. Kh5 bxa5 45. Kg6 g4 46. Rb7+
Kd6 47. Kxf6 gxh3 48. gxh3 Rxa4 49. Rb3 Rf4 50. Rd3+ Kc5 51. Ke5 Rf1 52. f6 a4
53. Ke6 Kb4 54. f7 a3 55. Rd1 Rf2 56. Rb1+ Ka4 57. Rb8 a2 58. f8=Q Rxf8 59.
Rxf8 Kb3 60. Rb8+ Kc3 61. Ra8 Kb2 62. Kd6 a1=Q 63. Rxa1 Kxa1 64. Kxc6 Kb2 65.
h4 Kc3 66. Kd5 Kb4 67. h5 Kb5 68. Kd6 Kb6 69. Kd7 Kb7 70. Ke8 Kc8 71. Kf7 Kd7
72. Kg7 Ke7 73. Kxh6 Kf8 1/2-1/2

[Event "II Festival A"]
[Site "Toscolano-Maderno ITA"]
[Date "1996.10.22"]
[Round "4"]
[White "Mora, Federico"]
[Black "Di Lazzaro, Gabriele"]
[Result "1-0"]
[WhiteElo "2335"]
[BlackElo "2095"]
[PlyCount "107"]
[EventDate "1996.10.19"]

1. e4 g6 2. d4 Bg7 3. c3 d5 4. e5 f6 5. f4 Nh6 6. Nf3 O-O 7. Be2 Bg4 8. O-O
Bxf3 9. Bxf3 fxe5 10. fxe5 e6 11. Na3 c5 12. Qb3 Qe7 13. Be3 Nf5 14. Bf2 cxd4
15. cxd4 Nc6 16. Rad1 Rac8 17. Bg4 a6 18. Bxf5 Rxf5 19. Be3 Qb4 20. Qc3 Qxc3
21. bxc3 Rxf1+ 22. Kxf1 Bf8 23. Nb1 Na7 24. Ke2 Rc4 25. Kd3 b5 26. Rc1 Nc8 27.
Rf1 Ne7 28. Rf6 Rc6 29. g4 Bg7 30. Rf2 Nc8 31. Nd2 Nb6 32. Nf3 Na4 33. Rc2 Nb6
34. Bc1 Nc4 35. h3 Bf8 36. g5 Rc7 37. Nh2 Rf7 38. Ke2 Rc7 39. Ng4 Be7 40. Kd3
Kg7 41. Nf6 Rc6 42. h4 Nb6 43. h5 b4 44. h6+ Kh8 45. cxb4 Rxc2 46. Kxc2 Bxb4
47. Ne8 Na8 48. Kb3 Be1 49. Ba3 Bd2 50. Be7 Kg8 51. Bd8 Be3 52. Kc3 Bg1 53.
Nf6+ Kh8 54. Be7 1-0

[Event "II Festival A"]
[Site "Toscolano-Maderno ITA"]
[Date "1996.10.22"]
[Round "4"]
[White "Naumkin, Igor"]
[Black "Sulava, Nenad"]
[Result "1/2-1/2"]
[WhiteElo "2430"]
[BlackElo "2430"]
[PlyCount "29"]
[EventDate "1996.10.19"]

1. d4 Nf6 2. Nf3 c6 3. c4 d5 4. e3 Bf5 5. Bd3 Bxd3 6. Qxd3 e6 7. O-O Nbd7 8.
Nc3 Bb4 9. b3 O-O 10. Bb2 Qa5 11. Rfd1 Qa6 12. a3 Bxc3 13. Bxc3 Rfd8 14. cxd5
Qxd3 15. Rxd3 1/2-1/2

[Event "II Festival A"]
[Site "Toscolano-Maderno ITA"]
[Date "1996.10.22"]
[Round "4"]
[White "Perovic, Bozidar"]
[Black "Tomasi, Diego"]
[Result "1-0"]
[WhiteElo "2134"]
[BlackElo "2045"]
[PlyCount "137"]
[EventDate "1996.10.19"]

1. f4 e5 2. fxe5 d6 3. exd6 Bxd6 4. Nf3 g5 5. g3 g4 6. Nh4 Ne7 7. e4 Ng6 8. Nf5
Bxf5 9. exf5 Qe7+ 10. Be2 Qe4 11. O-O Bc5+ 12. d4 Bxd4+ 13. Rf2 Bxf2+ 14. Kxf2
Qxf5+ 15. Kg2 Qe4+ 16. Kg1 h5 17. Bg5 Nc6 18. Nc3 Qd4+ 19. Kf1 Qxd1+ 20. Rxd1
O-O 21. Nd5 Rac8 22. Nf6+ Kh8 23. Nxh5 Nge5 24. Rd5 Rfe8 25. Bf6+ Kh7 26. Nf4
a6 27. a4 Rb8 28. c4 a5 29. c5 Rbd8 30. Bxd8 Rxd8 31. Rxd8 Nxd8 32. Nd5 Ne6 33.
c6 bxc6 34. Nf6+ Kg6 35. Nxg4 Nxg4 36. Bxg4 Nd4 37. Bd1 c5 38. Kf2 Kf5 39. Ke3
Ke5 40. g4 Ne6 41. h4 Nf4 42. Bf3 c4 43. Be4 c6 44. h5 Nd5+ 45. Kf3 Ne7 46. g5
f5 47. gxf6 Kxf6 48. h6 c5 49. h7 Kg7 50. Kf4 Nc8 51. Ke5 Nb6 52. Bc2 c3 53.
bxc3 Nc4+ 54. Ke6 Ne3 55. Kd6 Nxc2 56. Kxc5 Na1 57. Kb6 Nb3 58. c4 Kxh7 59. c5
Nd2 60. Kxa5 Nc4+ 61. Kb4 Ne5 62. Kb5 Kg7 63. c6 Kf6 64. c7 Nf7 65. Kc6 Ne5+
66. Kb7 Nc4 67. c8=Q Nd6+ 68. Kc7 Nxc8 69. Kxc8 1-0

[Event "II Festival A"]
[Site "Toscolano-Maderno ITA"]
[Date "1996.10.22"]
[Round "4"]
[White "Stantic, Severino"]
[Black "Kania, Andreas"]
[Result "1-0"]
[WhiteElo "2105"]
[BlackElo "2275"]
[PlyCount "79"]
[EventDate "1996.10.19"]

1. d4 e6 2. c4 Nf6 3. Bg5 h6 4. Bxf6 Qxf6 5. Nc3 Bb4 6. Nf3 b6 7. e3 c5 8. Rc1
O-O 9. Be2 Bb7 10. O-O cxd4 11. exd4 Rc8 12. Qb3 Bxc3 13. Rxc3 Nc6 14. Rd1 d6
15. Qa3 Rd8 16. b4 Ne7 17. Qc1 Ng6 18. Qe3 Rac8 19. a4 Rc7 20. Rdc1 Rdc8 21.
Nd2 Qf4 22. g3 Qxe3 23. fxe3 Ne7 24. Nb1 Bc6 25. Ra3 Bd5 26. Nd2 Bxc4 27. Rxc4
Nd5 28. Rb3 Kf8 29. Kf2 Ke7 30. Kf3 g5 31. e4 Rxc4 32. Bxc4 Nf6 33. a5 d5 34.
exd5 exd5 35. Bd3 Rc1 36. axb6 axb6 37. Ra3 Rd1 38. Ke2 Rh1 39. Nf1 Ng4 40. Kf3
1-0

[Event "II Festival A"]
[Site "Toscolano-Maderno ITA"]
[Date "1996.10.22"]
[Round "4"]
[White "Wohl, Aleksandar H."]
[Black "Luciani, Valerio"]
[Result "1-0"]
[WhiteElo "2400"]
[BlackElo "2180"]
[PlyCount "27"]
[EventDate "1996.10.19"]

1. d4 f5 2. Nc3 Nf6 3. f3 e6 4. e4 fxe4 5. fxe4 c5 6. d5 exd5 7. e5 Ne4 8. Nxd5
Qh4+ 9. g3 Nxg3 10. hxg3 Qxg3+ 11. Kd2 Qf2+ 12. Qe2 Qd4+ 13. Qd3 Qf2+ 14. Ne2
1-0

[Event "II Festival A"]
[Site "Toscolano-Maderno ITA"]
[Date "1996.10.22"]
[Round "4"]
[White "Zlochevskij, Alexander"]
[Black "Nurkic, Sahbaz"]
[Result "1/2-1/2"]
[WhiteElo "2415"]
[BlackElo "2405"]
[PlyCount "27"]
[EventDate "1996.10.19"]

1. e4 g6 2. d4 Bg7 3. Nc3 c6 4. Nf3 Nf6 5. h3 O-O 6. Be3 d5 7. e5 Ne4 8. Nxe4
dxe4 9. Ng5 c5 10. Nxe4 cxd4 11. Qxd4 Qxd4 12. Bxd4 Nc6 13. Bc3 Nxe5 14. f4
1/2-1/2

[Event "II Festival A"]
[Site "Toscolano-Maderno ITA"]
[Date "1996.10.23"]
[Round "5"]
[White "Agnelli, Francesco"]
[Black "Lagrotteria, Salvatore"]
[Result "1/2-1/2"]
[WhiteElo "2085"]
[BlackElo "2165"]
[PlyCount "47"]
[EventDate "1996.10.19"]

1. e4 c5 2. Nf3 Nc6 3. d4 cxd4 4. Nxd4 Nf6 5. Nc3 d6 6. Be3 Ng4 7. Qd2 Nxe3 8.
Qxe3 a6 9. Bc4 Ne5 10. Bb3 g6 11. h3 Bg7 12. O-O-O O-O 13. Kb1 Bd7 14. f4 Nc6
15. e5 Nxd4 16. Qxd4 Be6 17. Qb4 a5 18. Qxb7 Rb8 19. Qa6 Qc7 20. exd6 exd6 21.
Nd5 Qd8 22. Nc3 Qc7 23. Nd5 Qd8 24. Nc3 1/2-1/2

[Event "II Festival A"]
[Site "Toscolano-Maderno ITA"]
[Date "1996.10.23"]
[Round "5"]
[White "Bini, Lorenzo"]
[Black "Tomasi, Diego"]
[Result "1/2-1/2"]
[WhiteElo "2200"]
[BlackElo "2045"]
[PlyCount "73"]
[EventDate "1996.10.19"]

1. b3 Nf6 2. Bb2 g6 3. g3 Bg7 4. Bg2 d6 5. d3 c6 6. Nd2 Qb6 7. e3 Bg4 8. Qc1
Na6 9. h3 Bd7 10. Ne2 d5 11. O-O O-O 12. Kh2 Rae8 13. Nf3 Bc8 14. Ne5 Nb8 15.
f4 Nbd7 16. e4 dxe4 17. dxe4 Nxe5 18. Bxe5 Rd8 19. Bc3 Qc5 20. e5 Ne8 21. Qe1
Rd7 22. Rc1 Nc7 23. Bb4 Qb6 24. c4 Re8 25. Ng1 c5 26. Ba5 Qa6 27. Bxc7 Rxc7 28.
Rc2 Rd8 29. Rd2 Rxd2 30. Qxd2 Rd7 31. Qc2 Qa5 32. Rd1 Qd8 33. Bd5 e6 34. Bf3
Rxd1 35. Qxd1 Qxd1 36. Bxd1 Bd7 37. Bf3 1/2-1/2

[Event "II Festival A"]
[Site "Toscolano-Maderno ITA"]
[Date "1996.10.23"]
[Round "5"]
[White "Braghetta, Sergio"]
[Black "Cugini, Verter"]
[Result "0-1"]
[WhiteElo "2116"]
[BlackElo "2255"]
[PlyCount "98"]
[EventDate "1996.10.19"]

1. e4 e6 2. d4 d5 3. Nc3 Nf6 4. e5 Ne4 5. Nxe4 dxe4 6. Be3 c5 7. dxc5 Nd7 8.
Qg4 Nxc5 9. Bxc5 Bxc5 10. Qxe4 Qd4 11. Qxd4 Bxd4 12. O-O-O Bxe5 13. Bb5+ Ke7
14. Nf3 Bf4+ 15. Kb1 a6 16. Bd3 Bd7 17. Rhe1 Bc6 18. Be4 Rac8 19. Bxc6 Rxc6 20.
Nd4 Rc5 21. g3 Bb8 22. Rd3 Rd8 23. Red1 Rcd5 24. c4 R5d7 25. Kc2 Be5 26. Nb3
Rxd3 27. Rxd3 Rxd3 28. Kxd3 Kd6 29. Kc2 g5 30. h3 h5 31. g4 hxg4 32. hxg4 f5
33. f3 Bf6 34. Nc1 Ke5 35. Kd3 fxg4 36. fxg4 Kf4 37. b4 Kxg4 38. Ke4 Kh3 39.
Nd3 g4 40. Nf4+ Kh2 41. Nxe6 g3 42. Nf4 Bg5 43. Ne2 g2 44. c5 Bd2 45. a3 Bc1
46. b5 Be3 47. c6 Kh3 48. Kd5 a5 49. Kc4 Kg4 0-1

[Event "II Festival A"]
[Site "Toscolano-Maderno ITA"]
[Date "1996.10.23"]
[Round "5"]
[White "Di Lazzaro, Gabriele"]
[Black "Kievelitz, Bernd"]
[Result "0-1"]
[WhiteElo "2095"]
[BlackElo "2145"]
[PlyCount "124"]
[EventDate "1996.10.19"]

1. Nf3 Nf6 2. g3 b6 3. Bg2 Bb7 4. d4 e6 5. c4 Be7 6. O-O O-O 7. Nc3 Ne4 8. Qc2
Nxc3 9. bxc3 f5 10. d5 c5 11. Rd1 exd5 12. cxd5 d6 13. e4 fxe4 14. Qxe4 Bc8 15.
h4 Bf5 16. Qa4 h6 17. Ne5 Bf6 18. Nc6 Qc7 19. Bb2 Nd7 20. Re1 Ne5 21. Re2 b5
22. Qb3 Qf7 23. Nxe5 Bxe5 24. f4 Bd3 25. Re3 Bc4 26. Qc2 Bf6 27. Re6 Rae8 28.
Rae1 Rxe6 29. dxe6 Bxe6 30. Qd3 Bxa2 31. Qxd6 Qb3 32. Qd2 b4 33. Ra1 bxc3 34.
Bxc3 Bxc3 35. Qxa2 Qxa2 36. Rxa2 a5 37. Kf2 Re8 38. Bc6 Re7 39. Kf3 Bb4 40.
Bd5+ Kf8 41. g4 Rc7 42. Bc4 Rd7 43. Bb5 Rd4 44. Re2 Bd2 45. f5 Rf4+ 46. Kg3 Rb4
47. Bc6 Rd4 48. Bb5 c4 49. Ba4 c3 50. Bc2 a4 51. Re6 a3 52. f6 gxf6 53. Rxf6+
Ke7 54. Rc6 Rb4 55. g5 hxg5 56. hxg5 a2 57. Ra6 Rb2 58. Ra7+ Kd6 59. g6 Bh6 60.
Bd3 c2 61. Bxc2 Rxc2 62. Kg4 Bg7 0-1